000 00312nam a22001457a 4500
008 231025b ||||| |||| 00| 0 eng d
020 _a9780140226997
041 _aeng
080 _a159.9
082 _a159.9ART
100 _a19
101 _aPSI
245 _aTHEORIES OF LIFE
_cARTHUR.W
942 _2udc
_cBK
999 _c60468
_d60468